| 000 | 00394nam a2200157Ia 4500 | ||
|---|---|---|---|
| 008 | 131103s9999 xx 000 0 und d | ||
| 040 | _aLoreto College | ||
| 041 | _aEnglish | ||
| 082 |
_a511/ELE _bLCBED/3589 |
||
| 245 |
_aElementary mathematics _b workbook |
||
| 260 |
_a[s.l.] _b[s.n.] _c[19?] |
||
| 300 |
_a95p. _c 27cm. |
||
| 650 | _aMathematics | ||
| 850 | _aLCBED/51/ELE | ||
| 942 | _cBK | ||
| 999 |
_c28496 _d78975 |
||